Miasta według lotnisk - Statystyki

Ogólne statystyki
  • Ten quiz został rozwiązany 1 924 razy
  • Średni wynik to 11 z 20
Statystyki odpowiedzi
Lotniska Miasto % Poprawnych
Heathrow, Gatwick, Luton Londyn
99%
JFK, LaGuardia Nowy Jork
93%
Charles de Gaulle, Orly, Beauvais Paryż
91%
Domodiedowo, Szeremietiewo, Wnukowo Moskwa
85%
Fiumicino, Ciampino Rzym
80%
Atatürk, Sabiha Gökçen Stambuł
79%
Barajas Madryt
68%
Arlanda, Bromma, Skavsta Sztokholm
68%
Narita, Haneda Tokio
67%
Reagan, Dulles Waszyngton
66%
Midway, O'Hare Chicago
60%
Linate, Malpensa Mediolan
55%
Schiphol Amsterdam
46%
Marco Polo, Treviso Wenecja
38%
Congonhas, Guarulhos São Paulo
36%
Suvarnabhumi, Don Mueang Bangkok
27%
Logan Boston
24%
George Bush, Hobby Houston
22%
OR Tambo, Lanseria Johannesburg
10%
Sky Harbor Phoenix
9%
Nie znaleziono quizów pasujących do podanych kryteriów
Rozkład punktacji
Procent ludzi z każdym wynikiem
Percentyl według liczby udzielonych odpowiedzi
Twoja historia wyników
Nie rozwiązałeś tego quizu